Humanist social vision of a 'Jungle poet'/ (Record no. 192872)

MARC details
000 -LEADER
fixed length control field 00592nam a22001937a 4500
005 - DATE AND TIME OF LATEST TRANSACTION
control field 20221007122807.0
010 ## - LCCN (DPL NO)
LC control number ENG-135335
020 ## - INTERNATIONAL STANDARD BOOK NUMBER
International Standard Book Number 9788126048522
Terms of availability 110.00
035 ## - SYSTEM CONTROL NUMBER
System control number EN-118867
037 ## - SOURCE OF ACQUISITION
Source of stock number/acquisition DBAD/PUB
082 ## - DEWEY DECIMAL CLASSIFICATION NUMBER
Classification number 881
100 ## - MAIN ENTRY--PERSONAL NAME
Personal name Kuvempu
245 ## - TITLE STATEMENT
Title Humanist social vision of a 'Jungle poet'/
Statement of responsibility, etc by Kuvempu Translated by N S Raghunath
260 ## - PUBLICATION, DISTRIBUTION, ETC. (IMPRINT)
Place of publication, distribution, etc New delhi
Name of publisher, distributor, etc Sahitya akademi
Date of publication, distribution, etc 2016
270 ## - ADDRESS
Address Rabindra bhavan, 35, ferozeshah road
City new delhi
Postal code 110001
300 ## - PHYSICAL DESCRIPTION
Extent 176p.
Dimensions 21cm(pbk)
Other physical details Index
700 ## - ADDED ENTRY--PERSONAL NAME
Personal name Raghunath, N S
942 ## - ADDED ENTRY ELEMENTS (KOHA)
Source of classification or shelving scheme Dewey Decimal Classification
Item type English Books
Call number suffix KUV
Classification part 881
Holdings
Withdrawn status Lost status Not for loan Collection code Home library Current library Date acquired Source of acquisition Cost, normal purchase price Full call number Barcode Copy number Cost, replacement price Koha item type
      Non-fiction Bawana Bawana 07/10/2022 DBAD/PUB 110.00 881 KUV EN-118867 1 110.00 English Books

© Delhi Public Library
Hit Counter
free hit counter